| 000 | 01006nam a22002777a 4500 | ||
|---|---|---|---|
| 999 |
_c14148 _d14148 |
||
| 003 | EG-ScBUE | ||
| 005 | 20210205124934.0 | ||
| 008 | 100621s1991 ua f 000 e ara d | ||
| 017 | _a1991/5422 | ||
| 040 |
_aEG-ScBUE _bara _erda _cEG-ScBUE _dEG-ScBUE |
||
| 082 | 0 | 4 |
_a892.746 _bد ي ن _222 |
| 100 | 1 |
_914982 _aبهاء الدين، أحمد، _d1927-1996، _eمؤلف. |
|
| 245 | 1 | 0 |
_aيوميات هذا الزمان / _cأحمد بهاء الدين. |
| 250 | _aالطبعة الأولى. | ||
| 264 | 1 |
_aالقاهرة : _bمركز الأهرام للترجمة والنشر، _c1991. |
|
| 300 |
_a201 صفحة ؛ _c26 سم |
||
| 336 |
_2rdacontent _aنص _btxt |
||
| 337 |
_2rdamedia _aبدون وسيط _bn |
||
| 338 |
_2rdacarrier _aمجلد _bnc |
||
| 541 |
_aعلاء عبد الغني ؛ _cإهداء |
||
| 650 | 7 |
_914995 _aالمقالات العربية _vمجموعات. _2BUEsh |
|
| 651 | _2BUEsh | ||
| 653 |
_bARALIT _cFebruary2021 |
||
| 655 |
_vReading book _934232 |
||
| 942 |
_2ddc _cBB |
||